Les 200 plus grandes villes de France en Hauts de France - Statistiques

Statistiques générales
  • Ce quiz a été pris 265 fois
  • Le résultat moyen est 12 sur 16
Statistiques - réponses
Ville
Population
(en milliers)
% Correct
10 Lille 234
100%
54 Dunkerque 86
95%
27 Amiens 134
93%
69 Calais 72
93%
43 Roubaix 98
93%
44 Tourcoing 98
90%
177 Arras 41
83%
100 Beauvais 57
79%
169 Valenciennes 43
79%
91 Villeneuve d'Ascq 61
76%
186 Boulogne sur Mer 40
72%
115 Saint Quentin 52
69%
192 Douai 39
65%
185 Compiègne 40
60%
196 Marcq en Baroeul 38
31%
181 Wattrelos 40
27%
Aucun quiz correspondant
Distribution des résultats
% des personnes avec chaque résultat
Percentile par nombre de réponses
Votre historique - résultats
Vous n’avez pas pris ce quiz